特急「宗谷 / サロベツ」の停車駅 - Statistics

General Stats
  • This quiz has been taken 112 times
  • The average score is 15 of 17
Answer Stats
特急 停車駅 % Correct
宗谷 札幌
100%
宗谷・サロベツ 稚内
99%
宗谷・サロベツ 旭川
98%
宗谷・サロベツ 名寄
97%
宗谷 岩見沢
96%
宗谷・サロベツ 南稚内
95%
宗谷・サロベツ 音威子府
94%
宗谷 滝川
93%
宗谷 深川
91%
宗谷 砂川
91%
宗谷・サロベツ 豊富
84%
宗谷・サロベツ 士別
81%
宗谷 美唄
81%
宗谷・サロベツ 天塩中川
80%
宗谷・サロベツ 幌延
77%
宗谷・サロベツ 美深
71%
宗谷・サロベツ 和寒
67%
No matching quizzes found
Score Distribution
Percent of People with Each Score
Percentile by Number Answered
Your Score History
You have not taken this quiz